[Event "Vilafranca del Penedes op 7th"]
[Site "Vilafranca del Penedes"]
[Date "2013.04.12"]
[Round "2"]
[White "Prieto Prieto, Rafael"]
[Black "Perez Mitjans, Orelvis"]
[Result "0-1"]
[WhiteElo "1915"]
[BlackElo "2487"]
[PlyCount "30"]
[EventDate "2013.04.05"]
[EventType "swiss"]
[EventRounds "8"]
[EventCountry "ESP"]
[SourceTitle "EXT 2014"]
[Source "ChessBase"]
[SourceDate "2013.11.20"]
[SourceVersion "1"]
[SourceVersionDate "2013.11.20"]
[SourceQuality "1"]

1. a3 e5 2. c4 Nf6 3. d3 Bc5 4. b4 Bd4 5. Ra2 a5 6. c5 axb4 7. Rc2 b3 8. Rc4 b2 9. Bg5 b5 10. Rc2 Bxf2+ 11. Kd2 Ne4+ 12. dxe4 Qxg5+ 13. Kc3 d6 14. Rd2 Qe3+ 15. Rd3 Qxc5+ 0-1